000 00334nam a2200133Ia 4500
005 20251222141942.0
008 251222s9999||||xx |||||||||||||| ||spa||
020 _a968-24-3874-8
082 _a616.89/C24
100 _aCameron, Norman
245 0 _aDesarrollo y Psicopatología de la Personalidad:
264 _bTrillas
942 _cLIB
999 _c9388
_d9388